| 000 | 01213nam a22003497a 4500 | ||
|---|---|---|---|
| 003 | CHAP | ||
| 005 | 20220329135133.0 | ||
| 008 | 971013s1984 r 00010 d | ||
| 010 | _a31513 | ||
| 011 | _a32485 | ||
| 035 | _a36600 | ||
| 040 | _cCHAP | ||
| 090 | _aTesis | ||
| 100 | 0 | 0 |
_aMartínez de la Cerda, Jesús. _971967 |
| 245 | _aEfecto de bajas temperaturas en la germinación de semillas de lechuga (Lactuca sativa L.) | ||
| 260 |
_aMarín, N.L. : _bEl autor, _c1984 |
||
| 300 |
_a98 h. _b; gráfs |
||
| 502 | _aTesis (Ing. Agrónomo Fitotecnista) -- Univ. Autónoma de Nuevo León. Facultad de Agronomía | ||
| 590 |
_aALEPH _b10 _c20130110 _lUCH01 _h1253 |
||
| 590 |
_aBATCH-UPD _b10 _c20130109 _lUCH01 _h2345 |
||
| 590 |
_aBATCH-UPD _b10 _c20130110 _lUCH01 _h1934 |
||
| 590 |
_aBATCH-UPD _b10 _c20130409 _lUCH01 _h1915 |
||
| 590 |
_aBATCH-UPD _b10 _c20130410 _lUCH01 _h1258 |
||
| 590 |
_aBATCH-UPD _b10 _c20130914 _lUCH01 _h1444 |
||
| 590 |
_aCONVERSION _b10 _c20130109 _lUCH01 _h1318 |
||
| 650 | 1 | 4 |
_aFrío _xEfecto en lechuga. _943535 |
| 650 | 1 | 4 |
_aLechuga _xGerminación. _965462 |
| 650 | 1 | 4 |
_aLechuga _xSemilla. _965477 |
| 901 | _aBK | ||
| 942 | _cTESIS | ||
| 949 |
_bBC _cTES _d-84341 _eTS1 _h19866 _i36600 _si |
||
| 999 |
_c31513 _d31513 |
||